Statistiken für Länder nach Menschen benannt #2

Klicken Sie hier um das Quiz zu spielen!

Allgemein

  • Dieses Quiz wurde 220 mal gespielt
  • Das Durchschnittsergebnis liegt bei 6 aus 12

Antwortstatistiken

PersonLand% Korrekt
Fürstliche Familie von LiechtensteinLiechtenstein
96%
Kaiser QinChina
78%
Göttin der Fruchtbarkeit, ÉireIrland
72%
König Salomo von Israel und JudaSalomonen
63%
König Mswati IISwasiland
61%
König DanDänemark
52%
Mussa bin BikMosambik
49%
RomulusRumänien
47%
Vinzenz von ValenciaSt. Vincent und die Grenadinen
35%
Thomas und Prinz von PortugalSão Tomé und Príncipe
29%
ChristophorusSt. Kitts und Nevis
10%
Thot, Gott des MondesDschibuti
2%

Verteilung der Resultate

Perzentil nach korrekt beantworteten Fragen

Anzahl Personen mit jedem Resultat

Ihre Resultats-Entwicklung

Sie haben dieses Quiz noch nicht gespielt